Podział administracyjny Krakowa - Statystyki

Ogólne statystyki
  • Ten quiz został rozwiązany 2 004 razy
  • Średni wynik to 52 z 211
Statystyki odpowiedzi
Dzielnica Jednostka/Osiedle % Poprawnych
Grzegórzki | Stare Miasto Kazimierz
67%
Krowodrza Krowodrza
66%
Bieżanów-Prokocim Prokocim
65%
Łagiewniki-Borek Fałęcki Łagiewniki
64%
Łagiewniki-Borek Fałęcki Borek Fałęcki
63%
Bieżanów-Prokocim Bieżanów
62%
Stare Miasto Stare Miasto
60%
Grzegórzki Grzegórzki
59%
Prądnik Czerwony Prądnik Czerwony
58%
Czyżyny Czyżyny
57%
Mistrzejowice Mistrzejowice
57%
Podgórze Podgórze
57%
Prądnik Biały Prądnik Biały
57%
Dębniki Dębniki
54%
Bronowice Bronowice Małe
53%
Podgórze Duchackie Kurdwanów
51%
Wzgórza Krzesławickie Osiedle Na Wzgórzach
50%
Dębniki Ruczaj
50%
Bieńczyce Bieńczyce
49%
Prądnik Biały Azory
48%
Zwierzyniec Zwierzyniec
48%
Stare Miasto Kleparz
46%
Grzegórzki | Prądnik Czerwony Olsza
46%
Mistrzejowice Osiedle Piastów
45%
Podgórze Płaszów
45%
Stare Miasto Wawel
45%
Prądnik Biały Górka Narodowa
44%
Nowa Huta Osiedle Kolorowe
43%
Prądnik Biały Osiedle Krowodrza Górka
43%
Podgórze Duchackie Wola Duchacka
43%
Grzegórzki Dąbie
41%
Nowa Huta Nowa Huta
41%
Bieńczyce Osiedle Przy Arce
41%
Zwierzyniec Salwator
41%
Prądnik Biały Bronowice Wielkie
40%
Nowa Huta Osiedle Centrum A
38%
Nowa Huta Osiedle Centrum B
38%
Zwierzyniec Wola Justowska
38%
Nowa Huta Osiedle Centrum C
37%
Nowa Huta Osiedle Centrum D
37%
Mistrzejowice Osiedle Złotego Wieku
36%
Stare Miasto Stradom
36%
Zwierzyniec Bielany
35%
Nowa Huta Osiedle Centrum E
35%
Dębniki Tyniec
35%
Nowa Huta Osiedle Szkolne
34%
Nowa Huta Pleszów
34%
Prądnik Czerwony Rakowice
34%
Mistrzejowice Osiedle Oświecenia
33%
Dębniki Osiedle Podwawelskie
33%
Stare Miasto Piasek
33%
Podgórze Duchackie Piaski Wielkie
33%
Nowa Huta Osiedle Na Skarpie
32%
Bieżanów-Prokocim Osiedle Nowy Bieżanów
32%
Podgórze Duchackie Osiedle Piaski Nowe
32%
Nowa Huta Osiedle Wandy
32%
Bronowice Mydlniki
31%
Nowa Huta Mogiła
30%
Czyżyny Osiedle Dywizjonu 303
30%
Nowa Huta Osiedle Teatralne
30%
Mistrzejowice Osiedle Tysiąclecia
30%
Grzegórzki Wesoła
30%
Dębniki Zakrzówek
30%
Krowodrza Cichy Kącik
29%
Dębniki Kobierzyn
29%
Krowodrza Łobzów
29%
Stare Miasto Nowy Świat
29%
Wzgórza Krzesławickie Osiedle Na Stoku
29%
Bieżanów-Prokocim Osiedle Złocień
29%
Dębniki Ludwinów
28%
Krowodrza Miasteczko Studenckie AGH
28%
Mistrzejowice Osiedle Bohaterów Września
28%
Nowa Huta Osiedle Zielone
28%
Podgórze Rybitwy
28%
Bieżanów-Prokocim Rżąka
28%
Podgórze Zabłocie
28%
Bieńczyce Osiedle Złotej Jesieni
27%
Prądnik Czerwony Olsza II
26%
Bieżanów-Prokocim Osiedle Nowy Prokocim
26%
Nowa Huta Osiedle Zgody
26%
Dębniki Skotniki
26%
Prądnik Czerwony | Stare Miasto Warszawskie
26%
Prądnik Czerwony Wieczysta
26%
Mistrzejowice Batowice
25%
Krowodrza Czarna Wieś
25%
Wzgórza Krzesławickie Krzesławice
25%
Bieżanów-Prokocim Osiedle Na Kozłówce
25%
Bieńczyce Osiedle Na Lotnisku
25%
Bieńczyce Osiedle Jagiellońskie
24%
Nowa Huta Osiedle Krakowiaków
24%
Grzegórzki Osiedle Oficerskie
24%
Bieńczyce Osiedle Strusia
24%
Prądnik Czerwony Ugorek
24%
Prądnik Biały Żabiniec
24%
Czyżyny Łęg
23%
Czyżyny Osiedle 2 Pułku Lotniczego
23%
Nowa Huta Osiedle Górali
23%
Dębniki Osiedle Europejskie
22%
Bronowice Osiedle Widok Zarzecze
22%
Zwierzyniec Przegorzały
22%
Nowa Huta Osiedle Hutnicze
21%
Bieńczyce Osiedle Kalinowe
21%
Bieńczyce Osiedle Kazimierzowskie
21%
Prądnik Biały Witkowice
21%
Wzgórza Krzesławickie Grębałów
20%
Podgórze Mateczny
20%
Krowodrza Nowa Wieś
20%
Zwierzyniec Olszanica
20%
Mistrzejowice Osiedle Mistrzejowice Nowe
20%
Nowa Huta Osiedle Stalowe
20%
Nowa Huta Osiedle Willowe
20%
Bronowice Bronowice Nowe
19%
Zwierzyniec Chełm
19%
Dębniki Kostrze
19%
Stare Miasto Nowe Miasto
19%
Bieńczyce Osiedle Albertyńskie
19%
Dębniki Osiedle Ruczaj-Zaborze
19%
Bieńczyce Osiedle Wysokie
19%
Dębniki Sidzina
19%
Prądnik Biały Tonie
19%
Prądnik Biały Górka Narodowa Wschód
18%
Dębniki Kapelanka
18%
Swoszowice Kliny Zacisze
18%
Swoszowice Opatkowice
18%
Łagiewniki-Borek Fałęcki Osiedle Cegielniana
18%
Mistrzejowice Osiedle Kombatantów
18%
Bieńczyce Osiedle Kościuszkowskie
18%
Nowa Huta Osiedle Szklane Domy
18%
Dębniki Pychowice
18%
Nowa Huta Błonie
17%
Prądnik Biały Górka Narodowa Zachód
17%
Swoszowice Jugowice
17%
Swoszowice Kliny Borkowskie
17%
Czyżyny Osiedle Akademickie
17%
Bieńczyce Osiedle Niepodległości
17%
Nowa Huta Osiedle Sportowe
17%
Zwierzyniec Półwsie Zwierzynieckie
17%
Nowa Huta Osiedle Urocze
16%
Nowa Huta Przylasek Rusiecki
16%
Nowa Huta Ruszcza
16%
Prądnik Biały Osiedle Gotyk
15%
Nowa Huta Osiedle Handlowe
15%
Nowa Huta Osiedle Spółdzielcze
15%
Podgórze Przewóz
15%
Prądnik Czerwony Śliczna
15%
Podgórze Duchackie Wola Duchacka Wschód
15%
Podgórze Duchackie Wola Duchacka Zachód
15%
Nowa Huta Osiedle Słoneczne
14%
Dębniki Bodzów
13%
Bronowice Bronowice Małe Wschód
13%
Swoszowice Kosocice
13%
Podgórze Duchackie Kurdwanów Nowy
13%
Wzgórza Krzesławickie Lubocza
12%
Nowa Huta Osiedle Młodości
12%
Nowa Huta Osiedle Ogrodowe
12%
Dębniki Podgórki Tynieckie
12%
Swoszowice Rajsko
12%
Swoszowice Wróblowice
12%
Wzgórza Krzesławickie Zesławice
12%
Bieżanów-Prokocim | Dębniki Osiedle Kolejowe
11%
Nowa Huta Osiedle Lesisko
11%
Prądnik Biały Osiedle Witkowice Nowe
11%
Swoszowice Soboniowice
11%
Wzgórza Krzesławickie Wadów
11%
Nowa Huta Cło
10%
Bieżanów-Prokocim Kaim
10%
Dębniki Koło Tynieckie
10%
Nowa Huta Wyciąże
10%
Zwierzyniec Zakamycze
10%
Swoszowice Barycz
9%
Bieżanów-Prokocim Bieżanów Kolonia
9%
Nowa Huta Branice
9%
Nowa Huta Chałupki
9%
Dębniki Osiedle Interbud
9%
Dębniki Osiedle Panorama
9%
Łagiewniki-Borek Fałęcki Osiedle Zaułek Jugowicki
9%
Wzgórza Krzesławickie Węgrzynowice
9%
Swoszowice Zbydniowice
9%
Nowa Huta Kościelniki
8%
Nowa Huta Kujawy
8%
Bieżanów-Prokocim Osiedle Medyków
8%
Dębniki Osiedle Proins
8%
Mistrzejowice Osiedle Srebrnych Orłów
8%
Wzgórza Krzesławickie Kantorowice
7%
Dębniki Mochnaniec
7%
Nowa Huta Przylasek Wyciąski
7%
Nowa Huta Wola Rusiecka
7%
Nowa Huta Wolica
7%
Nowa Huta Wróżenice
7%
Wzgórza Krzesławickie Dłubnia
6%
Mistrzejowice Dziekanowice
6%
Bieżanów-Prokocim Łazy
6%
Wzgórza Krzesławickie Łuczanowice
6%
Swoszowice Lusina
6%
Podgórze Łutnia
6%
Swoszowice Łysa Góra
6%
Bieżanów-Prokocim Osiedle Nad Potokiem
6%
Bieżanów-Prokocim Osiedle Parkowe
6%
Podgórze Duchackie Osiedle Podlesie
6%
Nowa Huta Chałupki Górne
5%
Swoszowice Bania
4%
Nowa Huta Górka Kościelnicka
4%
Nowa Huta Piekiełko
4%
Swoszowice Siarczana Góra
4%
Nowa Huta Stryjów
4%
Nowa Huta Holendry
3%
Nowa Huta Kopaniny
3%
Nie znaleziono quizów pasujących do podanych kryteriów
Rozkład punktacji
Procent ludzi z każdym wynikiem
Percentyl według liczby udzielonych odpowiedzi
Twoja historia wyników
Nie rozwiązałeś tego quizu